Everything is Vanity: A Deviant Perspective(Eclesiastes) (Record no. 22706)

MARC details
000 -LEADER
fixed length control field 00330nam a22001337a 4500
020 ## - INTERNATIONAL STANDARD BOOK NUMBER
ISBN 8178210810
082 ## - DEWEY DECIMAL CLASSIFICATION NUMBER
Classification number 221 THO4
100 ## - MAIN ENTRY--AUTHOR NAME
Author name Thomas, M.M.
245 ## - TITLE STATEMENT
Title Everything is Vanity: A Deviant Perspective(Eclesiastes)
260 ## - PUBLICATION, DISTRIBUTION, ETC. (IMPRINT)
Place of publication Tiruvalla, Kerala
Name of publisher CSS Books
Year of publication 2008
300 ## - PHYSICAL DESCRIPTION
Number of Pages 117
650 ## - SUBJECT ADDED ENTRY--TOPICAL TERM
Topical Term Old Testament
942 ## - ADDED ENTRY ELEMENTS (KOHA)
Koha item type Books
Holdings
Home library Current library Shelving location Date acquired Source of acquisition Cost, normal purchase price Full call number Accession Number Koha item type
Henry Martyn Institute Library Henry Martyn Institute Library General stacks 05/06/2015 CSS 75.00 221 THO4 11003216 Books
                   Copyright © 2026 | Henry Martyn Institute | Hyderabad | TS-500052 | INDIA | Implemented by hmi.edu.in
Hit-Count:

Powered by Koha